[Event "Oakham Young Masters"]
[Site "Oakham"]
[Date "1984.04.14"]
[Round "7.5"]
[White "D'Amore, Carlo"]
[Black "Dlugy, Maxim"]
[Result "0-1"]
[WhiteElo "2310"]
[BlackElo "2460"]
[PlyCount "94"]
[EventDate "1984.04.08"]
[EventType "swiss"]
[EventRounds "9"]
[EventCountry "ENG"]
[SourceTitle "BritBase"]
[Source "John Saunders"]
[SourceDate "2023.08.08"]
[SourceVersion "1"]
[SourceVersionDate "2023.08.08"]
[SourceQuality "1"]

1. Nf3 b5 2. g3 Bb7 3. Bg2 Nf6 4. Na3 a6 5. c4 b4 6. Nc2 e6 7. d4 a5 8. O-O d6
9. Re1 Nbd7 10. Nd2 Bxg2 11. Kxg2 g6 12. e4 Bg7 13. f4 O-O 14. e5 Ne8 15. Nf3
c5 16. d5 exd5 17. cxd5 Nb6 18. e6 fxe6 19. dxe6 Qe7 20. a3 b3 21. Ne3 a4 22.
f5 gxf5 23. Nd5 Nxd5 24. Qxd5 Ra7 25. Re2 Qb7 26. Qxb7 Rxb7 27. Bf4 Re7 28. Bg5
Rc7 29. Rd1 c4 30. Nd4 Be5 31. Bd8 Rb7 32. Ba5 Ng7 33. Nc6 Rb5 34. Nxe5 dxe5
35. Bc3 Nxe6 36. Bxe5 Re8 37. Kf1 Ng5 38. Bc3 Ne4 39. Be1 Ree5 40. Rd8+ Kf7 41.
Re3 Red5 42. Rxd5 Rxd5 43. Ke2 h5 44. Kf3 Rd1 45. Bc3 Rf1+ 46. Kg2 Rf2+ 47. Kg1
Nxc3 {source: bulletin} 0-1

[Event "Oakham Young Masters"]
[Site "Oakham"]
[Date "1984.04.14"]
[Round "7.6"]
[White "Horvath, Jozsef"]
[Black "Hjorth, Greg"]
[Result "1/2-1/2"]
[WhiteElo "2370"]
[BlackElo "2415"]
[PlyCount "87"]
[EventDate "1984.04.08"]
[EventType "swiss"]
[EventRounds "9"]
[EventCountry "ENG"]
[SourceTitle "BritBase"]
[Source "John Saunders"]
[SourceDate "2023.08.08"]
[SourceVersion "1"]
[SourceVersionDate "2023.08.08"]
[SourceQuality "1"]

1. e4 d6 2. d4 Nd7 3. Nc3 e5 4. Nf3 Ngf6 5. Bc4 Be7 6. O-O c6 7. Re1 h6 8. a4
Qc7 9. Bf1 g5 10. Be3 Rg8 11. a5 Nf8 12. b4 a6 13. Qb1 Ng4 14. Bd2 exd4 15.
Nxd4 Bf6 16. Nf3 Ne6 17. Ra3 Kf8 18. Ne2 b5 19. h3 Ne5 20. Ng3 Rg6 21. Qc1 c5
22. Nf5 c4 23. Nh2 Bb7 24. Ng4 Nxg4 25. hxg4 c3 26. Be3 Bxe4 27. Bb6 Qc6 28.
Nxd6 Qxd6 29. Rxe4 Rg8 30. Qe3 Kg7 31. Rxc3 Bxc3 32. Qxc3+ f6 33. Qe1 Rge8 34.
c4 Qc6 35. cxb5 axb5 36. Bxb5 Qxb5 37. Rxe6 Qd7 38. Re4 Rxe4 39. Qxe4 Re8 40.
Qc4 Re1+ 41. Kh2 Qd6+ 42. g3 Qd1 43. Qc7+ Kg6 44. Qc4 {source: bulletin}
1/2-1/2

[Event "Oakham Young Masters"]
[Site "Oakham"]
[Date "1984.04.14"]
[Round "7.7"]
[White "Klinger, Josef"]
[Black "Hodgson, Julian M"]
[Result "0-1"]
[WhiteElo "2310"]
[BlackElo "2440"]
[PlyCount "59"]
[EventDate "1984.04.08"]
[EventType "swiss"]
[EventRounds "9"]
[EventCountry "ENG"]
[SourceTitle "BritBase"]
[Source "John Saunders"]
[SourceDate "2023.08.08"]
[SourceVersion "1"]
[SourceVersionDate "2023.08.08"]
[SourceQuality "1"]

1. e4 c6 2. d4 d5 3. e5 Bf5 4. Nc3 Qb6 5. g4 Bd7 6. Na4 Qc7 7. Nc5 e6 8. Nd3 h5
9. gxh5 c5 10. dxc5 Na6 11. Be3 Nxc5 12. Bxc5 Bxc5 13. Qg4 Bf8 14. O-O-O Nh6
15. Qe2 Nf5 16. Nf4 Rc8 17. Kb1 Ba4 18. b3 Ba3 19. bxa4 O-O 20. Rd3 Nd4 21.
Rxd4 Qb6+ 22. Qb5 Qxd4 23. Nd3 Rc5 24. Qxb7 Rcc8 25. Ne2 Qc4 26. Qb3 Rb8 27.
Ng3 Rfc8 28. Nb4 Qxb4 29. Bb5 Qc5 30. Bf1 {source: bulletin} 0-1

[Event "Oakham Young Masters"]
[Site "Oakham"]
[Date "1984.04.14"]
[Round "7.8"]
[White "Wells, Peter K"]
[Black "Gudmundsson, Elvar"]
[Result "0-1"]
[WhiteElo "2320"]
[BlackElo "2330"]
[PlyCount "82"]
[EventDate "1984.04.08"]
[EventType "swiss"]
[EventRounds "9"]
[EventCountry "ENG"]
[SourceTitle "BritBase"]
[Source "John Saunders"]
[SourceDate "2023.08.08"]
[SourceVersion "1"]
[SourceVersionDate "2023.08.08"]
[SourceQuality "1"]

1. d4 Nf6 2. c4 e6 3. Nc3 d5 4. Bg5 Be7 5. e3 h6 6. Bxf6 Bxf6 7. Nf3 O-O 8. Qd2
Nc6 9. O-O-O dxc4 10. Bxc4 e5 11. d5 Ne7 12. h3 Nf5 13. g4 Nd6 14. Bd3 c6 15.
dxc6 Qb6 16. Nd5 Qxc6+ 17. Bc2 Nc4 18. Qd3 g6 19. Qc3 Kg7 20. Be4 Na5 21. Qxc6
Nxc6 22. Nxf6 Kxf6 23. b3 Be6 24. Kb2 Rfd8 25. Bxc6 bxc6 26. e4 Rdc8 27. Rd6
Ke7 28. Rhd1 f6 29. Nh4 Bd5 30. exd5 Kxd6 31. dxc6+ Kxc6 32. Nxg6 Re8 33. Nh4
Rad8 34. Rc1+ Kd5 35. Rc3 Rc8 36. Rf3 Ke6 37. Nf5 Red8 38. Ng7+ Kf7 39. Nh5
Rd2+ 40. Ka3 Rc6 41. Ng3 Rcc2 {source: bulletin} 0-1

[Event "Oakham Young Masters"]
[Site "Oakham"]
[Date "1984.04.14"]
[Round "7.9"]
[White "Ostenstad, Berge"]
[Black "Cramling, Pia"]
[Result "1/2-1/2"]
[WhiteElo "2310"]
[BlackElo "2405"]
[PlyCount "77"]
[EventDate "1984.04.08"]
[EventType "swiss"]
[EventRounds "9"]
[EventCountry "ENG"]
[SourceTitle "BritBase"]
[Source "John Saunders"]
[SourceDate "2023.08.08"]
[SourceVersion "1"]
[SourceVersionDate "2023.08.08"]
[SourceQuality "1"]

1. d4 Nf6 2. c4 e6 3. Nc3 c5 4. d5 exd5 5. cxd5 d6 6. e4 g6 7. Nf3 Bg7 8. Be2
O-O 9. O-O Bg4 10. Bf4 a6 11. a4 Bxf3 12. Bxf3 Qe7 13. Qb3 Nbd7 14. Qxb7 Rfb8
15. Qc6 Ne8 16. a5 Ra7 17. Rab1 Rb4 18. Na2 Rb3 19. Qc8 Rb8 20. Qc6 Rb3 21. Qc8
Rb8 22. Qc6 Bxb2 23. Qa4 Rab7 24. Be2 Nc7 25. Qc6 Ne5 26. Bxe5 Qxe5 27. Nc1 Qe8
28. Nd3 Qxc6 29. dxc6 Rb3 30. Nf4 Bc3 31. Rxb3 Rxb3 32. Nd5 Bxa5 33. Ra1 Bb6
34. Bc4 Rb2 35. Nxc7 Bxc7 36. Bxa6 Rb6 37. Bb7 c4 38. Kf1 Rb5 39. Ke2 {source:
bulletin} 1/2-1/2

[Event "Oakham Young Masters"]
[Site "Oakham"]
[Date "1984.04.14"]
[Round "7.10"]
[White "Staniszewski, Piotr"]
[Black "Lane, Gary William"]
[Result "0-1"]
[WhiteElo "2405"]
[BlackElo "2310"]
[PlyCount "92"]
[EventDate "1984.04.08"]
[EventType "swiss"]
[EventRounds "9"]
[EventCountry "ENG"]
[SourceTitle "BritBase"]
[Source "John Saunders"]
[SourceDate "2023.08.08"]
[SourceVersion "1"]
[SourceVersionDate "2023.08.08"]
[SourceQuality "1"]

1. d4 Nf6 2. c4 g6 3. Nc3 Bg7 4. e4 d6 5. Nf3 O-O 6. Be2 Nbd7 7. O-O e5 8. Qc2
c6 9. Rd1 exd4 10. Nxd4 Qe7 11. Bg5 Nc5 12. f3 Re8 13. Bf1 a5 14. Rd2 Qc7 15.
Rad1 Nfd7 16. Kh1 Bxd4 17. Rxd4 Ne6 18. Qd2 Nxd4 19. Qxd4 Ne5 20. Bf6 Nd7 21.
Bg5 Qb6 22. Qxb6 Nxb6 23. Be3 Nd7 24. Rxd6 Nf8 25. Na4 Be6 26. Bg5 Nd7 27. c5
f6 28. Bd2 Kf7 29. b3 Ke7 30. Rd4 Red8 31. Bc3 Ne5 32. Rxd8 Rxd8 33. Be2 Nd3
34. Bxa5 Rd7 35. Bxd3 Rxd3 36. Kg1 Rd1+ 37. Kf2 Ra1 38. Bc7 Rxa2+ 39. Kg3 Bxb3
40. Nb6 Be6 41. f4 h5 42. Kf3 h4 43. h3 Kf7 44. g4 hxg3 45. Kxg3 Ra3+ 46. Kg2
Bxh3+ {source: bulletin} 0-1

[Event "Oakham Young Masters"]
[Site "Oakham"]
[Date "1984.04.14"]
[Round "7.14"]
[White "Luce, Sebastien"]
[Black "Thomson, Craig SM"]
[Result "1/2-1/2"]
[WhiteElo "2330"]
[BlackElo "2215"]
[PlyCount "146"]
[EventDate "1984.04.08"]
[EventType "swiss"]
[EventRounds "9"]
[EventCountry "ENG"]
[SourceTitle "BritBase"]
[Source "John Saunders"]
[SourceDate "2023.08.08"]
[SourceVersion "1"]
[SourceVersionDate "2023.08.08"]
[SourceQuality "1"]

1. c4 Nf6 2. Nc3 d5 3. cxd5 Nxd5 4. g3 g6 5. Bg2 Nb6 6. d3 Bg7 7. Be3 O-O 8.
Qd2 c6 9. Bh6 N8d7 10. h4 Bxh6 11. Qxh6 Nf6 12. h5 Ng4 13. Qd2 Qd4 14. Ne4 Bf5
15. Nf3 Qg7 16. hxg6 Bxg6 17. Nc5 Rab8 18. Qc3 Rfd8 19. Qxg7+ Kxg7 20. O-O Nf6
21. Rfc1 Nbd7 22. b4 e5 23. Nxd7 Nxd7 24. Nh4 Nf6 25. f3 Nd5 26. Rab1 Ne3 27.
Bh3 a6 28. Kf2 Nd5 29. Rc5 f6 30. a3 Ne7 31. f4 exf4 32. gxf4 Rd4 33. Ke3 Rbd8
34. Nf3 R4d6 35. Kf2 Nd5 36. Rc4 Nb6 37. Rcc1 Nd5 38. Rc4 Nb6 39. Rc5 Nd5 40.
f5 Bh5 41. Rg1+ Kh8 42. Bg4 Bxg4 43. Rxg4 Ne7 44. Rf4 Rd5 45. d4 b6 46. Rc1
Rxf5 47. Rxf5 Nxf5 48. Rxc6 Rd6 49. Rc7 Nxd4 50. Nxd4 Rxd4 51. Rc6 Rf4+ 52. Kg3
Re4 53. Kf3 Rh4 54. Rxf6 Rh3+ 55. Kf4 Rxa3 56. Rxb6 Kg7 57. e4 Ra1 58. e5 h5
59. Kg5 Kf7 60. Kf5 Rf1+ 61. Ke4 Ra1 62. Kd5 Rd1+ 63. Kc5 Rc1+ 64. Kd6 Rd1+ 65.
Kc7 Re1 66. Rf6+ Ke7 67. Rxa6 Rxe5 68. Ra5 Kf6 69. b5 h4 70. Kc6 Re6+ 71. Kc7
Re5 72. Kc6 Re6+ 73. Kb7 Kg5 {source: bulletin} 1/2-1/2

[Event "Oakham Young Masters"]
[Site "Oakham"]
[Date "1984.04.14"]
[Round "7.17"]
[White "Hofmann, Michael"]
[Black "Howell, James C"]
[Result "0-1"]
[WhiteElo "2230"]
[BlackElo "2320"]
[PlyCount "102"]
[EventDate "1984.04.08"]
[EventType "swiss"]
[EventRounds "9"]
[EventCountry "ENG"]
[SourceTitle "BritBase"]
[Source "John Saunders"]
[SourceDate "2023.08.08"]
[SourceVersion "1"]
[SourceVersionDate "2023.08.08"]
[SourceQuality "1"]

1. e4 c5 2. Nf3 d6 3. Bb5+ Bd7 4. Bxd7+ Qxd7 5. O-O Nc6 6. c4 Nf6 7. Nc3 g6 8.
d4 cxd4 9. Nxd4 Bg7 10. Nde2 O-O 11. f3 Rfc8 12. Be3 Qd8 13. Rc1 Qa5 14. Qa4
Qxa4 15. Nxa4 Nb4 16. Bd2 Nd3 17. Rc3 Nc5 18. Nxc5 Rxc5 19. Be3 Rc7 20. Rfc1
Rac8 21. Bd4 Nd7 22. Bxg7 Kxg7 23. Kf2 Ne5 24. b3 b5 25. f4 b4 26. Rg3 Nd7 27.
h4 Nf6 28. Ke3 Rc5 29. Rg5 h6 30. Rxc5 Rxc5 31. Rd1 g5 32. hxg5 hxg5 33. g3
gxf4+ 34. gxf4 Rh5 35. Rg1+ Kf8 36. Rg5 Rh3+ 37. Ng3 Nd7 38. Kf3 Nc5 39. Rd5
Rh2 40. e5 Rxa2 41. exd6 exd6 42. Ne4 Nxb3 43. Rxd6 f5 44. Ng5 Nd2+ 45. Kg3
Nxc4 46. Rf6+ Ke7 47. Rxf5 b3 48. Rf7+ Kd6 49. Ne4+ Kc6 50. Nc3 b2 51. Rf6+ Kc5
{source: bulletin} 0-1

[Event "Oakham Young Masters"]
[Site "Oakham"]
[Date "1984.04.14"]
[Round "7.18"]
[White "Conquest, Stuart C"]
[Black "Gil Gonzalez, Jose Manuel"]
[Result "1-0"]
[WhiteElo "2260"]
[BlackElo "2300"]
[PlyCount "121"]
[EventDate "1984.04.08"]
[EventType "swiss"]
[EventRounds "9"]
[EventCountry "ENG"]
[SourceTitle "BritBase"]
[Source "John Saunders"]
[SourceDate "2023.08.08"]
[SourceVersion "1"]
[SourceVersionDate "2023.08.08"]
[SourceQuality "1"]

1. d4 g6 2. c4 Bg7 3. e4 d6 4. Nc3 Nf6 5. Be2 O-O 6. Nf3 Bg4 7. O-O Nfd7 8. Ne1
Bxe2 9. Nxe2 e6 10. Rb1 Nc6 11. f4 d5 12. cxd5 exd5 13. e5 Ne7 14. f5 Nxf5 15.
Rxf5 gxf5 16. b4 Re8 17. Rb3 Nf8 18. Rg3 Ng6 19. Nf4 Re6 20. Nxe6 fxe6 21. Bg5
Qf8 22. Nd3 Qf7 23. h4 f4 24. Rh3 Qf5 25. Nc5 h6 26. Bf6 Bxf6 27. exf6 b6 28.
Nd7 Rd8 29. Qa4 Nf8 30. Ne5 Qxf6 31. Qxa7 c5 32. bxc5 bxc5 33. Qxc5 Ra8 34. a3
Rb8 35. h5 Rb2 36. Qc3 Re2 37. Qd3 Ra2 38. Qb1 Rd2 39. Rd3 Re2 40. Qd1 Ra2 41.
Qg4+ Qg5 42. Rb3 Qxg4 43. Nxg4 Kg7 44. Rb7+ Kh8 45. Nf6 Ra1+ 46. Kf2 Ra2+ 47.
Kf3 Rxa3+ 48. Kxf4 Ra2 49. g4 Re2 50. Kf3 Re1 51. Kf2 Rd1 52. Ke3 Re1+ 53. Kf4
Re2 54. Rf7 Re1 55. Rxf8+ Kg7 56. Nd7 Re4+ 57. Kf3 Rxd4 58. Nc5 Re4 59. Rc8 Re1
60. Kf2 Re5 61. Rc7+ {source: bulletin} 1-0

[Event "Oakham Young Masters"]
[Site "Oakham"]
[Date "1984.04.14"]
[Round "7.19"]
[White "Wong, Meng Kong"]
[Black "Needham, Teresa M"]
[Result "1-0"]
[WhiteElo "2365"]
[BlackElo "2100"]
[PlyCount "79"]
[EventDate "1984.04.08"]
[EventType "swiss"]
[EventRounds "9"]
[EventCountry "ENG"]
[SourceTitle "BritBase"]
[Source "John Saunders"]
[SourceDate "2023.08.08"]
[SourceVersion "1"]
[SourceVersionDate "2023.08.08"]
[SourceQuality "1"]

1. Nf3 Nf6 2. d4 d5 3. c4 dxc4 4. Nc3 Bf5 5. e3 e6 6. Bxc4 Nbd7 7. Qe2 Bb4 8.
O-O Bxc3 9. bxc3 O-O 10. Nd2 c5 11. e4 Bg6 12. e5 Nd5 13. Bxd5 exd5 14. f4 Qh4
15. f5 Bh5 16. Qe3 Rfe8 17. Rf4 Qg5 18. Nf1 cxd4 19. cxd4 Bd1 20. Qh3 Rac8 21.
Bd2 Bc2 22. f6 Nxe5 23. dxe5 Qxe5 24. Re1 Be4 25. Qg4 g6 26. Qh3 h5 27. Qe3 Rc6
28. Ng3 Rxf6 29. Rxf6 Qxf6 30. Bc3 Qc6 31. Qd2 Rc8 32. Nxe4 dxe4 33. Ba1 Kh7
34. Qf4 Rc7 35. Bd4 Rd7 36. Be3 Qc2 37. h4 a6 38. Rc1 Rd1+ 39. Kh2 Rxc1 40.
Qxf7+ {source: bulletin} 1-0

[Event "Oakham Young Masters"]
[Site "Oakham"]
[Date "1984.04.14"]
[Round "7.20"]
[White "Lalic, Susan Kathryn"]
[Black "Ardaman, Miles"]
[Result "1-0"]
[WhiteElo "1900"]
[BlackElo "2240"]
[PlyCount "79"]
[EventDate "1984.04.08"]
[EventType "swiss"]
[EventRounds "9"]
[EventCountry "ENG"]
[SourceTitle "BritBase"]
[Source "John Saunders"]
[SourceDate "2023.08.08"]
[SourceVersion "1"]
[SourceVersionDate "2023.08.08"]
[SourceQuality "1"]

1. e4 Nc6 2. Nf3 d6 3. d4 Bg4 4. c3 e5 5. Be3 Nf6 6. Nbd2 g6 7. Qc2 Bg7 8. dxe5
dxe5 9. Bb5 Qe7 10. b4 Nd7 11. Qa4 Ndb8 12. Bg5 Bf6 13. Be3 Qf8 14. Nb3 a6 15.
Nc5 Bc8 16. Bxc6+ bxc6 17. Rd1 Qg7 18. O-O Be7 19. Nd3 f6 20. Nd2 O-O 21. Nc5
g5 22. Qb3+ Qf7 23. Qxf7+ Kxf7 24. Ndb3 Be6 25. Rd2 Bd6 26. Na5 Bc8 27. Rfd1 h5
28. Kf1 h4 29. Ke2 Be7 30. Ncb7 Bxb7 31. Nxb7 Re8 32. Kf3 Kg6 33. Kg4 Rc8 34.
a3 Re8 35. Bc5 Bxc5 36. Nxc5 a5 37. Rd8 Kf7 38. Kf5 axb4 39. Rxe8 Kxe8 40. cxb4
{source: bulletin} 1-0

[Event "Oakham Young Masters"]
[Site "Oakham"]
[Date "1984.04.15"]
[Round "8.1"]
[White "Georgiev, Kiril"]
[Black "Murshed, Niaz"]
[Result "1/2-1/2"]
[WhiteElo "2430"]
[BlackElo "2410"]
[PlyCount "120"]
[EventDate "1984.04.08"]
[EventType "swiss"]
[EventRounds "9"]
[EventCountry "ENG"]
[SourceTitle "BritBase"]
[Source "John Saunders"]
[SourceDate "2023.08.08"]
[SourceVersion "1"]
[SourceVersionDate "2023.08.08"]
[SourceQuality "1"]

1. c4 Nf6 2. Nc3 c5 3. Nf3 e6 4. g3 b6 5. Bg2 Bb7 6. O-O Be7 7. d4 cxd4 8. Qxd4
d6 9. Bg5 a6 10. Bxf6 Bxf6 11. Qd3 Bxf3 12. Bxf3 Ra7 13. Rfd1 Be7 14. Rac1 O-O
15. b3 Nd7 16. Bg2 Qb8 17. a4 Nc5 18. Qb1 Rc8 19. Rc2 Rac7 20. Rcd2 g6 21. e3
Bf6 22. Ne2 Rd7 23. Qa2 a5 24. h4 h5 25. Qb1 Qc7 26. Nd4 Bxd4 27. exd4 Na6 28.
Bh3 Re7 29. d5 e5 30. Bxc8 Qxc8 31. Kg2 Qf5 32. Re1 Qxb1 33. Rxb1 f5 34. Re2
Kg7 35. Kf3 Nb4 36. Ke3 Kh6 37. Kd2 Rc7 38. Rh1 Rg7 39. Kc3 Rc7 40. Kd2 Rg7 41.
f3 Rh7 42. Kc3 Rc7 43. Rhe1 Rc8 44. Kd2 Rc7 45. Rg2 Rh7 46. Rh2 Rg7 47. Reh1
Rh7 48. Ke3 Re7 49. Rf2 Rh7 50. Rfh2 Re7 51. Ke2 Rh7 52. Kf1 Rg7 53. Re2 Rh7
54. Kg2 Rf7 55. Rhe1 Re7 56. Rf1 Rf7 57. Kh3 Rh7 58. Rff2 Rf7 59. Re3 Rf8 60.
Kg2 Rf7 {source: bulletin} 1/2-1/2

[Event "Oakham Young Masters"]
[Site "Oakham"]
[Date "1984.04.15"]
[Round "8.2"]
[White "Dlugy, Maxim"]
[Black "Short, Nigel D"]
[Result "1/2-1/2"]
[WhiteElo "2460"]
[BlackElo "2500"]
[PlyCount "21"]
[EventDate "1984.04.08"]
[EventType "swiss"]
[EventRounds "9"]
[EventCountry "ENG"]
[SourceTitle "BritBase"]
[Source "John Saunders"]
[SourceDate "2023.08.08"]
[SourceVersion "1"]
[SourceVersionDate "2023.08.08"]
[SourceQuality "1"]

1. d4 Nf6 2. c4 e6 3. Nf3 b6 4. g3 Bb7 5. Bg2 Be7 6. O-O O-O 7. Nc3 Ne4 8. Qc2
Nxc3 9. Qxc3 c5 10. Rd1 d6 11. b3 {source: bulletin} 1/2-1/2

[Event "Oakham Young Masters"]
[Site "Oakham"]
[Date "1984.04.15"]
[Round "8.3"]
[White "Hodgson, Julian M"]
[Black "Levitt, Jonathan P"]
[Result "1/2-1/2"]
[WhiteElo "2440"]
[BlackElo "2345"]
[PlyCount "40"]
[EventDate "1984.04.08"]
[EventType "swiss"]
[EventRounds "9"]
[EventCountry "ENG"]
[SourceTitle "BritBase"]
[Source "John Saunders"]
[SourceDate "2023.08.08"]
[SourceVersion "1"]
[SourceVersionDate "2023.08.08"]
[SourceQuality "1"]

1. e4 c5 2. Nf3 e6 3. d4 cxd4 4. Nxd4 Nf6 5. Nc3 d6 6. g4 h6 7. h4 Nc6 8. g5
hxg5 9. Bxg5 Bd7 10. Qd2 a6 11. O-O-O Qc7 12. Nxc6 Bxc6 13. Bh3 Bxe4 14. Rhe1
Bc6 15. Bxe6 fxe6 16. Rxe6+ Kd7 17. Qe3 Qa5 18. Re5 Qd8 19. Re6 Kc7 20. Bf4 Ne8
{source: bulletin} 1/2-1/2

[Event "Oakham Young Masters"]
[Site "Oakham"]
[Date "1984.04.15"]
[Round "8.4"]
[White "King, Daniel John"]
[Black "Gallagher, Joseph G"]
[Result "1/2-1/2"]
[WhiteElo "2435"]
[BlackElo "2260"]
[PlyCount "67"]
[EventDate "1984.04.08"]
[EventType "swiss"]
[EventRounds "9"]
[EventCountry "ENG"]
[SourceTitle "BritBase"]
[Source "John Saunders"]
[SourceDate "2023.08.08"]
[SourceVersion "1"]
[SourceVersionDate "2023.08.08"]
[SourceQuality "1"]

1. d4 Nf6 2. Nf3 g6 3. Bg5 Bg7 4. Nbd2 d5 5. e3 O-O 6. Bd3 Bg4 7. O-O Nbd7 8.
h3 Bxf3 9. Nxf3 Re8 10. c4 e5 11. Be2 exd4 12. Nxd4 dxc4 13. Bxc4 Nb6 14. Bb3
Qe7 15. Rc1 c5 16. Nb5 c4 17. Bxc4 Nxc4 18. Rxc4 Qe5 19. Bxf6 Qxb5 20. Rf4 Bxf6
21. Rxf6 Qxb2 22. Qf3 Qxa2 23. Qxb7 a5 24. Rd1 a4 25. Ra6 Qe2 26. Rdd6 Qe1+ 27.
Kh2 Rxa6 28. Rxa6 Qxf2 29. Rxa4 Qxe3 30. Qf3 Qe6 31. Qf4 h5 32. Ra7 Rc8 33. Ra3
Re8 34. Rd3 {source: bulletin} 1/2-1/2

[Event "Oakham Young Masters"]
[Site "Oakham"]
[Date "1984.04.15"]
[Round "8.5"]
[White "Gudmundsson, Elvar"]
[Black "Stohl, Igor"]
[Result "0-1"]
[WhiteElo "2330"]
[BlackElo "2405"]
[PlyCount "76"]
[EventDate "1984.04.08"]
[EventType "swiss"]
[EventRounds "9"]
[EventCountry "ENG"]
[SourceTitle "BritBase"]
[Source "John Saunders"]
[SourceDate "2023.08.08"]
[SourceVersion "1"]
[SourceVersionDate "2023.08.08"]
[SourceQuality "1"]

1. d4 Nf6 2. c4 g6 3. Nc3 d5 4. Nf3 Bg7 5. cxd5 Nxd5 6. Bd2 O-O 7. Rc1 Nb6 8.
Bg5 h6 9. Bf4 Nc6 10. e3 g5 11. Bg3 g4 12. Nh4 e5 13. d5 Ne7 14. e4 h5 15. h3
f5 16. exf5 Nxf5 17. Nxf5 Bxf5 18. hxg4 hxg4 19. Be2 Qd7 20. Nb5 Rac8 21. d6
cxd6 22. Rxc8 Nxc8 23. Bc4+ Be6 24. Qxg4 d5 25. Qh5 dxc4 26. Qh7+ Kf7 27. Bxe5
Rg8 28. Nc7 Kf8 29. Qg6 Bf7 30. Bxg7+ Rxg7 31. Rh8+ Rg8 32. Qh6+ Ke7 33. Qh4+
Kd6 34. Qf4+ Kc6 35. Rh6+ Rg6 36. Rxg6+ Bxg6 37. Qxc4+ Kd6 38. Qb4+ $2 Kxc7 {
source: bulletin} 0-1

[Event "Oakham Young Masters"]
[Site "Oakham"]
[Date "1984.04.15"]
[Round "8.6"]
[White "Hawksworth, John C"]
[Black "Horvath, Jozsef"]
[Result "0-1"]
[WhiteElo "2355"]
[BlackElo "2370"]
[PlyCount "86"]
[EventDate "1984.04.08"]
[EventType "swiss"]
[EventRounds "9"]
[EventCountry "ENG"]
[SourceTitle "BritBase"]
[Source "John Saunders"]
[SourceDate "2023.08.08"]
[SourceVersion "1"]
[SourceVersionDate "2023.08.08"]
[SourceQuality "1"]

1. d4 Nf6 2. c4 e6 3. Nf3 c5 4. d5 exd5 5. cxd5 d6 6. Nc3 g6 7. Bg5 Bg7 8. Nd2
h6 9. Bh4 g5 10. Bg3 Nh5 11. e3 Nxg3 12. hxg3 Qe7 13. Bd3 Nd7 14. Qc2 Ne5 15.
Bf5 Bxf5 16. Qxf5 Qd7 17. Nce4 Ke7 18. Qxd7+ Kxd7 19. f4 Ng4 20. Nc4 Nxe3 21.
Nxe3 Rae8 22. Nxc5+ dxc5 23. Kd2 gxf4 24. gxf4 Rhg8 25. g3 Bxb2 26. Rab1 Rxg3
27. Rxb2 Rexe3 28. Rxb7+ Kd6 29. Rxa7 Ra3 30. Rxh6+ Kxd5 31. Rxa3 Rxa3 32. Rf6
Rxa2+ 33. Kc3 Ra3+ 34. Kb2 Ra7 35. Kc3 Rc7 36. Rh6 Ke4 37. Rh4 f5 38. Kc4 Rc8
39. Rh7 Kxf4 40. Rf7 Ke4 41. Re7+ Kf3 42. Rf7 f4 43. Rf6 Ke3 {source: bulletin}
0-1

[Event "Oakham Young Masters"]
[Site "Oakham"]
[Date "1984.04.15"]
[Round "8.7"]
[White "Cramling, Pia"]
[Black "Lane, Gary William"]
[Result "1-0"]
[WhiteElo "2405"]
[BlackElo "2310"]
[PlyCount "93"]
[EventDate "1984.04.08"]
[EventType "swiss"]
[EventRounds "9"]
[EventCountry "ENG"]
[SourceTitle "BritBase"]
[Source "John Saunders"]
[SourceDate "2023.08.08"]
[SourceVersion "1"]
[SourceVersionDate "2023.08.08"]
[SourceQuality "1"]

1. e4 e5 2. Nf3 Nc6 3. Bb5 a6 4. Ba4 Nf6 5. O-O Be7 6. Re1 b5 7. Bb3 d6 8. c3
O-O 9. h3 Bb7 10. d4 Re8 11. Nbd2 Bf8 12. d5 Nb8 13. Nf1 h6 14. N3h2 c6 15. Ng4
Nbd7 16. dxc6 Bxc6 17. Ng3 a5 18. a4 Nxg4 19. hxg4 b4 20. cxb4 axb4 21. Be3 Nc5
22. Bxc5 dxc5 23. Qc2 Qg5 24. Nf5 Qxg4 25. Re3 g6 26. Rae1 Ra7 27. Rg3 Qh5 28.
Rd1 c4 29. Qxc4 Bxa4 30. Bxa4 Rxa4 31. Ne3 Ra7 32. Rh3 Qg5 33. Nd5 Kg7 34. Nxb4
Ra4 35. Qc6 Rea8 36. Nd5 R8a6 37. Qc2 Qg4 38. Nc3 Rd4 39. Rhd3 Bb4 40. Rxd4
exd4 41. Nd5 Bd6 42. Qd3 Bc5 43. Rc1 Ra8 44. b4 Ba7 45. Ra1 Rc8 46. Qa6 d3 47.
Qf6+ {source: bulletin} 1-0

[Event "Oakham Young Masters"]
[Site "Oakham"]
[Date "1984.04.15"]
[Round "8.9"]
[White "Kozul, Zdenko"]
[Black "D'Amore, Carlo"]
[Result "0-1"]
[WhiteElo "2405"]
[BlackElo "2310"]
[PlyCount "108"]
[EventDate "1984.04.08"]
[EventType "swiss"]
[EventRounds "9"]
[EventCountry "ENG"]
[SourceTitle "BritBase"]
[Source "John Saunders"]
[SourceDate "2023.08.08"]
[SourceVersion "1"]
[SourceVersionDate "2023.08.08"]
[SourceQuality "1"]

1. d4 Nf6 2. Nf3 g6 3. Bf4 Bg7 4. e3 c5 5. c3 Qb6 6. Qb3 Qxb3 7. axb3 cxd4 8.
exd4 d6 9. Na3 O-O 10. Nb5 a6 11. Nc7 Ra7 12. Nb5 Ra8 13. Nc7 Ra7 14. Bg5 b6
15. Bxf6 Rxc7 16. Bxg7 Kxg7 17. b4 e5 18. Be2 Re8 19. dxe5 dxe5 20. O-O f5 21.
Rfd1 Kf6 22. Nd2 Be6 23. Nf1 b5 24. Ne3 Rc6 25. g3 g5 26. Nd5+ Kg7 27. Bf1 Nd7
28. b3 Bxd5 29. Rxd5 Nf6 30. Rc5 Rxc5 31. bxc5 Re6 32. c4 b4 33. Ra4 Nd7 34.
Rxb4 Nxc5 35. Rb8 a5 36. Rb5 Rc6 37. Be2 Kf6 38. h3 e4 39. Kf1 a4 40. bxa4 Nxa4
41. Rb7 h6 42. Bh5 Nc5 43. Rh7 Ke5 44. Be8 Rf6 45. Bb5 f4 46. gxf4+ gxf4 47.
Ke2 Kd4 48. f3 e3 49. Rg7 Kc3 50. Rg1 Nb3 51. Kf1 Rd6 52. c5 Rd1+ 53. Kg2 Rxg1+
54. Kxg1 Nxc5 {source: bulletin} 0-1

[Event "Oakham Young Masters"]
[Site "Oakham"]
[Date "1984.04.15"]
[Round "8.11"]
[White "Wells, Peter K"]
[Black "Ostenstad, Berge"]
[Result "1-0"]
[WhiteElo "2320"]
[BlackElo "2310"]
[PlyCount "86"]
[EventDate "1984.04.08"]
[EventType "swiss"]
[EventRounds "9"]
[EventCountry "ENG"]
[SourceTitle "BritBase"]
[Source "John Saunders"]
[SourceDate "2023.08.08"]
[SourceVersion "1"]
[SourceVersionDate "2023.08.08"]
[SourceQuality "1"]

1. d4 d5 2. Nf3 Nf6 3. c4 dxc4 4. e3 Bg4 5. Bxc4 e6 6. h3 Bh5 7. Nc3 Nbd7 8.
O-O Be7 9. Qe2 O-O 10. Rd1 c6 11. e4 b5 12. Bd3 b4 13. Na4 Qa5 14. b3 c5 15. g4
Nxg4 16. hxg4 Bxg4 17. Kg2 cxd4 18. Bf4 Bg5 19. Bd6 Be7 20. Bg3 e5 21. Rh1 Bg5
22. Rxh7 Bh6 23. Rh1 Bxf3+ 24. Qxf3 Kxh7 25. Qf5+ Kg8 26. Bf4 Qd8 27. Bxh6 Qf6
28. Qg4 Rfc8 29. Bc4 Nf8 30. Kf1 Rxc4 31. bxc4 Ng6 32. Bg5 Qa6 33. Qh5 Qxc4+
34. Kg2 f6 35. Qxg6 fxg5 36. Nb2 Qc8 37. Qxg5 Qe6 38. Nd3 Qxa2 39. Nxe5 Rf8 40.
Ng4 Kf7 41. Rh7 Qe6 42. Rxg7+ Ke8 43. Qb5+ Kd8 {source: bulletin} 1-0